000 01363nam0a22002531 4500
001 v19\rc\1299267
005 20250618020753.0
035 _a(NLR Aleph) 004445122
090 _a4441630
_c4441630
100 _a20060306d1865 |||y0rusy50 ca
101 0 _arus
102 _aRU
105 _aa c |||||
200 1 _aСемейный стол
_eПовар. кн., заключающая ясные на опыте основ. указания с означением нужных пропорций для приготовления вкусных дешевых и простых 1000 разных блюд как скоромных, так и постных, равно паштетов, пирожных, мороженого, кремов, желе и консервов
_eС прил. подроб. описания уборки стола, заготовления впрок и покупки провизии, с 40 рис. в тексте
_fСост. С. Рогальской
210 _aСанкт-Петербург
_cМ.О. Вольф
_d1865
215 _a[4], 590, XXXIII с., 1 л. фронт. (ил.), 5 л. ил.
_cил.
_d17
700 1 _aРогальская
_bС.
_4220
801 0 _aRU
_bNLR
_gpsbo
801 0 _aRU
_bRuMoRGB
_2psbo
801 1 _aRU
_bProSoft-M
_2rusmarc
852 _aNLR
_j18.68.7.50
899 _aБАН
942 _cBOOK
980 _aNB